Yugakavi Tulasī. (Record no. 62792)

MARC details
000 -LEADER
fixed length control field 00620cam a22002291 4500
001 - CONTROL NUMBER
control field sa 65002753
003 - CONTROL NUMBER IDENTIFIER
control field DLC
005 - DATE AND TIME OF LATEST TRANSACTION
control field 20260227112118.0
008 - FIXED-LENGTH DATA ELEMENTS--GENERAL INFORMATION
fixed length control field 831226s1964 ii 000 0 hin
010 ## - LIBRARY OF CONGRESS CONTROL NUMBER
LC control number sa 65002753
035 ## - SYSTEM CONTROL NUMBER
System control number (OCoLC)21638884
040 ## - CATALOGING SOURCE
Original cataloging agency DLC
Transcribing agency CU
Modifying agency DLC
042 ## - AUTHENTICATION CODE
Authentication code premarc
050 00 - LIBRARY OF CONGRESS CALL NUMBER
Classification number PK2095.T8
Item number Z94
100 1# - MAIN ENTRY--PERSONAL NAME
Personal name Varmā, Satyakāma
245 10 - TITLE STATEMENT
Title Yugakavi Tulasī.
Statement of responsibility, etc. Lekhaka Satyakāma Varmā
260 ## - PUBLICATION, DISTRIBUTION, ETC.
Place of publication, distribution, etc. Naī Dillī,
Name of publisher, distributor, etc. Bhāratīya Prakāśana
Date of publication, distribution, etc. [1964]
300 ## - PHYSICAL DESCRIPTION
Extent 128 p.
Dimensions 19 cm
500 ## - GENERAL NOTE
General note In Hindi
504 ## - BIBLIOGRAPHY, ETC. NOTE
Bibliography, etc. note Bibliographical footnotes
600 00 - SUBJECT ADDED ENTRY--PERSONAL NAME
Personal name Tulasīdāsa,
Dates associated with a name 1532-1623.

No items available.

Powered by Koha